| 000 | 00570nam a2200217 a 4500 | ||
|---|---|---|---|
| 999 |
_c5002 _d5002 |
||
| 001 | 5002 | ||
| 003 | BD-JhCC | ||
| 005 | 20171206183000.0 | ||
| 008 | 171206s1959 u |||| |||| 000 0 eng d | ||
| 035 | _a(BD-JhCC) 5002 | ||
| 040 |
_aBD-JhCC _dBD-JhCC |
||
| 041 | _aeng | ||
| 082 |
_a968.6 _bWILL 1959 |
||
| 100 | _aWilliams, J. Grenfell | ||
| 245 |
_aMoshesh The Man on the Mountain / _c J. Grenfell Williams |
||
| 260 |
_aLondon : _bLondon -Oxford Univesity Press , _c1959 |
||
| 300 |
_a148 p .: _c18 cm . |
||
| 650 | _aLehotho | ||
| 942 |
_2ddc _cBK |
||